00913cam a2200277 a 450000100090000000300040000900500170001300800410003001000170007102000140008804000180010204200100012004300120013008200170014210000290015924500630018825000120025126000870026330000330035050400410038361000220042465100470044665100470049365100500054065100450059015438325OSt20230602094548.0080904s2000 ke a b 000 0 eng  a 2008345059 z187987120 aDLCcDLCdDLC alcode af-ke--- a323.044bKIN0 aMaina wa Kinyatti.d199210aMau Mau :ba revolution betrayed /cMaina wa Kĩnyattĩ. a2nd ed. aNairobi ;aJamaica, N.Y :bMau Mau Research Center ;aLondon :bVita Books,c2000. axv, 128 p. :bill. ;c21 cm. aIncludes bibliographical references.20aMau MauxHistory. 0aKenyaxPolitics and governmenty1963-1978. 0aKenyaxPolitics and governmenty1978-2002. 0aKenyaxHistoryyMau Mau Emergency, 1952-1960. 0aKenyaxPolitics and governmentyTo 1963.